000 00636nam a2200241Ia 4500
003 OSt
005 20221007082347.0
006 a|||||r|||| 00| 0
007 ta
008 221006b |||||||| |||| 00| 0 eng d
024 _a16,455
037 _cReports / Technical Reports
040 _aFLL
_cFLL
_beng
041 _2eng
_aeng
082 _aX9B.2.N6t, K8
110 _aGovt. of india
245 0 _aReport of the wroking group on small scale sector
260 _c1968
300 _a104p
_ccm.
700 _aGovt. of india
942 _hX9B.2.N6t, K8
_cREP
_2CC
999 _c1166184
_d1166184